000 01529cad a22002295a 4500
001 L149214
008 100204s20100201xxk f 000 0 eng d
020 _a9781409821724
035 _a(Sirsi) u149214
041 0 _aeng
110 2 _aUnited Kingdom
_bDepartment for Communities and Local Government
_94939
245 0 0 _aPlanning Act 2008
_bguidance related to procedures for compulsory acquisition
_h[electronic resource]
260 _aLondon
_bDCLG
_c2010
505 2 _aTerms used -- Introduction -- Roles -- Justification for seeking an order -- Authorising compulsory acquisition -- Preparing the application -- Examination process - Implementation - Annexe 1 special land -- Annexe 2 Preparing the statement of reason -- Annexe 3 Plan which must accompany an applicaiton authorising compulsory acquisition
520 _aGuidance relating to applications for orders granting development consent which include provision authorising the compulsory acquisition of land. Ensures best practice and that all applications are dealt with in a fair and impartial manner by agencies such as the Infrastructure Planning Commission (IPC).
590 _aKA NTK
650 2 4 _aPLANNING ACT 2008
651 4 _aENGLAND AND WALES
690 _aENVIRONMENTAL AND LAND CONSULTANCY-PLANNING AND DEVELOPMENT-COMPULSORY PURCHASE AND COMPENSATION
856 4 8 _uhttps://www.communities.gov.uk/publications/planningandbuilding/guidancecompulsoryacquisition
_zView this online document free of charge at www.communities.gov.uk...
942 _n0
999 _c110419
_d110419